Pays en fonction des définitions #1 - Statistiques

Statistiques générales
  • Ce quiz a été pris 56 fois
  • Le résultat moyen est 15 sur 30
Statistiques - réponses
Hint Réponse % Correct
Croissant et étoile blanche sur un fond rouge Turquie
94%
Trois bandes horizontales dont une rouge, une bleue et une orange.Ce pays a subi un génocide lors de la 1ere guerre mondiale Armenie
72%
Trois bandes verticales dont deux rouge, une blanche et une feuille d'érable rouge Canada
72%
Trois bandes verticales dont deux rouge, une blanche et le blason au centre.Sa capitale est Lima Pérou
72%
Bande horizontale blanche séparant deux bande rouge. Sa capitale est Vienne Autriche
70%
Trois bandes dont une noire, une blanche et une verte et un triangle rouge. Ce pays est sujet à la guerre face a l'Israêl Palestine
70%
Dictature asiatique se situant au sud-est de la Chine Corée du Nord
68%
Pays Tricolore ayant un "T" rouge, une bande blanche et une vert ainsi qu'un dessin dans le coin supérieur gauche au sud de l'Arabie Saoudite Oman
68%
Pays enclavé en Italie ayant deux bandes horizontales: une blanche et une bleue ainsi qu'un blason. Son équipe nationale de football n'a gagné qu'un unique match en 2004 Saint Marin
64%
Trois bandes horizontales dont deux bleues fines et une rouge plus large ayant un château blanc Cambodge
62%
Pays européen ayant un blason a damier et le logo ses régions en couronne Croatie
62%
Pays du Moyen Orient frontalier à l'Irak et à l'Arabie Saoudite étant au littoral du golfe Persique et ayant la capitale du même nom que son pays Koweit
62%
Drapeau composé d'une bande horizontale blanche et une rouge ainsi qu'une étoile blanche dans un carré bleu situé dans le coin supérieur gauche. Ce drapeau ressemble au drapeau texan, sa capitale est Santiago Chili
58%
Croix rouge dans un carré blanc dans le coin supérieur gauche et le reste du drapeau est rouge. Sa capitale est Nukuʻalofa Tonga
58%
Trois bandes horizontales dont une rouge, une blanche et une noire Yémen
52%
Drapeau blanc et vert ayant un croissant et une étoile rouge Algerie
50%
Bande jaune en diagonale séparant un triangle rectangle vert et un bleu contenant 5 étoiles blanches. Sa capitale est Honiara Îles Salomon
50%
4 étoiles blanches sur fond bleu. Le pays se trouve en Océanie et sa capitale est Palikir Micronesie
48%
Trois bandes horizontales dont une rouge, une blanche, une bleue et un blason.Sa capitale est Asuncion Paraguay
48%
Drapeau contenant du bleu, du vert, sur le côté gauche une étoile rouge ainsi qu'un triangle blanc Djibouti
42%
Croissant blanc dans un fond vert lui même dans un cadre rouge Maldives
40%
Trois bandes horizontales dont une jaune, une bleue et une rouge et en son centre 8 étoiles blanches Venezuela
40%
Drapeau tricolore: blanc à gauche et deux bandes horizontales: dont une rouge et une verte il y a aussi un film du même nom comportant des animaux Madagascar
36%
Fine bande jaune et étoile blanche à 12 branches sur fond bleu foncé Nauru
36%
Trois bandes horizontales dont une orange, une blanche et une verte et une roue à 24 branches bleues Inde
34%
Trois bandes horizontales dont une verte, une blanche et noire sur le côté gauche une bande verticale rouge. Il reçoit la dernière manche du championnat du monde de F1 depuis 2009 Emirats Arabes Unis
32%
Archipel d'Océanie contenant deux triangle rectangle rouge, un triangle blanc, un quadrilatère bleu et un demi soleil jaune dans du noir. Saint John's est sa capitale Antigua et Barbuda
26%
Trois bandes horizontales dont une rouge, une jaune et une verte ainsi qu'un blason et un vautour s'envolant de ce dernier Bolivie
22%
Croix rouge décentrée entouré de blanc sur fond rouge Norvège
20%
Triangles vert et rouge séparé par un quadrilatère jaune Congo
6%
Aucun quiz correspondant
Distribution des résultats
% des personnes avec chaque résultat
Percentile par nombre de réponses
Votre historique - résultats
Vous n’avez pas pris ce quiz